1500 anglických slovíček, která se rychle naučíte /
Uložené v:
| Hlavný autor: | |
|---|---|
| Korporatívny autor: | |
| Médium: | Kniha |
| Jazyk: | Czech English |
| Vydané: |
Brno :
Computer Press,
c2007.
|
| Vydanie: | Vyd. 1. |
| Edícia: | Jazyky (Computer Press). Učebnice pro samouky
|
| Témy: | |
| ISBN: |
9788025116661 (brož.) |
| Fyzický popis: |
96 s. : il. ; 21 cm + CDK 4834 |
| Tagy: |
Pridať tag
Žiadne tagy, Buďte prvý kto otaguje tento záznam!
|
Titul je dostupný aj v ... 

MARC
| LEADER | 00000nam a2200000 a 4500 | ||
|---|---|---|---|
| 001 | 000431007 | ||
| 005 | 20140115103622.0 | ||
| 008 | 091021s2007 xr a e p 000 0 cze d | ||
| 020 | |a 9788025116661 (brož.) | ||
| 040 | |a SVKKK |b slo |c SVKKK |e AACR2 | ||
| 041 | 0 | |a cze |a eng | |
| 044 | |a xr |c CZ | ||
| 072 | 7 | |a 811.111 |x Angličtina |2 konspekt | |
| 080 | |a 811.111 |2 2001 | ||
| 080 | |a 81`373 |2 2001 | ||
| 080 | |a (075) |2 2001 | ||
| 245 | 0 | 0 | |a 1500 anglických slovíček, která se rychle naučíte / |c kolektiv An[g]ličtina.com. |
| 246 | 3 | |a Tisíc pět set anglických slovíček, která se rychle naučíte | |
| 250 | |a Vyd. 1. | ||
| 260 | |a Brno : |b Computer Press, |c c2007. | ||
| 300 | |a 96 s. : |b il. ; |c 21 cm + |e CDK 4834 | ||
| 490 | 1 | |a Jazyky - učebnice pro samouky. Angličtina | |
| 650 | 0 | 7 | |a angličtina |2 SVKKKPH |
| 650 | 0 | 7 | |a slovná zásoba |2 SVKKKPH |
| 655 | 7 | |a učebnice |2 SVKKKPH | |
| 700 | 1 | |a Prater, Karl James, |d 1962- |4 aut | |
| 710 | 2 | |a Angličtina.com (firma) |4 aut | |
| 830 | 0 | |a Jazyky (Computer Press). |p Učebnice pro samouky | |
| 910 | |a svkkk | ||
| 919 | |a 978-80-251-1666-1 | ||
| 998 | |a BK | ||
| 090 | |g SCKUS |k Americké centrum |a III.227112 |j 1048291 |i 2720296866 |s Voľný výber | ||